[Event "Stay Safe Play From Home 424"]
[Site "Emanuel Lasker Arena"]
[Date "2020.08.31"]
[Round "5"]
[White "Haris kollari 13"]
[Black "Omerseyman"]
[Result "0-1"]
[WhiteElo "1745"]
[BlackElo "1800"]
[Annotator "NA"]
[PlyCount "88"]
[EventDate "2020.08.31"]
[EventType "swiss (blitz)"]

1. d4 {[%emt 0:00:01]} Nf6 {[%emt 0:00:01]} 2. c4 {[%emt 0:00:01]} d6 {[%emt 0:00:01]} 3. Nc3 {[%emt 0:00:01]} Nbd7 {[%emt 0:00:01]} 4. e3 {[%emt 0:00:01]} e5 {[%emt 0:00:00]} 5. Bd3 {[%emt 0:00:01]} Be7 {[%emt 0:00:01]} 6. Nf3 {[%emt 0:00:01]} O-O {[%emt 0:00:02]} 7. d5 {[%emt 0:00:01]} Re8 {[%emt 0:00:02]} 8. e4 {[%emt 0:00:01]} Bf8 {[%emt 0:00:01]} 9. b3 {[%emt 0:00:01]} Nh5 {[%emt 0:00:02]} 10. h3 {[%emt 0:00:02]} Nc5 {[%emt 0:00:01]} 11. Bc2 {[%emt 0:00:01]} f5 {[%emt 0:00:01]} 12. exf5 {[%emt 0:00:03]} Nf6 {[%emt 0:00:01]} 13. Be3 {[%emt 0:00:05]} Ncd7 {[%emt 0:00:03]} 14. g4 {[%emt 0:00:03]} Be7 {[%emt 0:00:03]} 15. g5 {[%emt 0:00:01]} Nh5 {[%emt 0:00:02]} 16. h4 {[%emt 0:00:01]} Nf8 {[%emt 0:00:02]} 17. Qd2 {[%emt 0:00:01]} g6 {[%emt 0:00:01]} 18. f6 {[%emt 0:00:01]} Bxf6 {[%emt 0:00:01]} 19. gxf6 {[%emt 0:00:01]} Qxf6 {[%emt 0:00:00]} 20. O-O-O {[%emt 0:00:01]} Qxf3 {[%emt 0:00:01]} 21. Rhg1 {[%emt 0:00:05]} Bf5 {[%emt 0:00:01]} 22. Rg3 {[%emt 0:00:02]} Nxg3 {[%emt 0:00:04]} 23. fxg3 {[%emt 0:00:02]} Bxc2 {[%emt 0:00:01]} 24. Kxc2 {[%emt 0:00:01]} Nd7 {[%emt 0:00:02]} 25. Bg5 {[%emt 0:00:02]} Rf8 {[%emt 0:00:01]} 26. Re1 {[%emt 0:00:01]} Qf2 {[%emt 0:00:01]} 27. Re2 {[%emt 0:00:01]} Qc5 {[%emt 0:00:01]} 28. Ne4 {[%emt 0:00:01]} Qd4 {[%emt 0:00:02]} 29. Qxd4 {[%emt 0:00:03]} exd4 {[%emt 0:00:00]} 30. Kd3 {[%emt 0:00:00]} Ne5+ {[%emt 0:00:01]} 31. Kxd4 {[%emt 0:00:01]} Nf3+ {[%emt 0:00:01]} 32. Kc3 {[%emt 0:00:01]} Nxg5 {[%emt 0:00:01]} 33. Nxg5 {[%emt 0:00:01]} Rf1 {[%emt 0:00:01]} 34. Re7 {[%emt 0:00:01]} Rc8 {[%emt 0:00:01]} 35. Ne6 {[%emt 0:00:02]} Rg1 {[%emt 0:00:02]} 36. Rg7+ {[%emt 0:00:01]} Kh8 {[%emt 0:00:01]} 37. Re7 {[%emt 0:00:01]} Rxg3+ {[%emt 0:00:00]} 38. Kb4 {[%emt 0:00:03]} Re3 {[%emt 0:00:01]} 39. Ng5 {[%emt 0:00:01]} Rxe7 {[%emt 0:00:01]} 40. h5 {[%emt 0:00:00]} gxh5 {[%emt 0:00:01]} 41. Ne6 {[%emt 0:00:01]} Rxe6 {[%emt 0:00:01]} 42. dxe6 {[%emt 0:00:00]} Re8 {[%emt 0:00:00]} 43. e7 {[%emt 0:00:00]} Rxe7 {[%emt 0:00:01]} 44. Kb5 {[%emt 0:00:00]} c6+ {[%emt 0:00:01] Time Time Time (Lag: Av=0.73s, max=1.9s) (Lag: Av=0.73s, max=1.9s) (Lag: Av=0.73s, max=1.9s)} 0-1

[Event "Stay Safe Play From Home 424"]
[Site "Emanuel Lasker Arena"]
[Date "2020.08.31"]
[Round "5"]
[White "KING o KONG"]
[Black "Klasman"]
[Result "0-1"]
[WhiteElo "989"]
[BlackElo "1256"]
[Annotator "NA"]
[PlyCount "50"]
[EventDate "2020.08.31"]
[EventType "swiss (blitz)"]

1. d3 {[%emt 0:00:02]} f5 {[%emt 0:00:01]} 2. e3 {[%emt 0:00:01]} e5 {[%emt 0:00:01]} 3. b3 {[%emt 0:00:01]} d5 {[%emt 0:00:01]} 4. Bb2 {[%emt 0:00:01]} Bd6 {[%emt 0:00:01]} 5. Ne2 {[%emt 0:00:02]} Nf6 {[%emt 0:00:01]} 6. Qd2 {[%emt 0:00:01]} c5 {[%emt 0:00:01]} 7. Nbc3 {[%emt 0:00:01]} Be6 {[%emt 0:00:01]} 8. Nb5 {[%emt 0:00:01]} Nc6 {[%emt 0:00:02]} 9. Nxd6+ {[%emt 0:00:02]} Qxd6 {[%emt 0:00:01]} 10. g3 {[%emt 0:00:01]} O-O {[%emt 0:00:01]} 11. Bg2 {[%emt 0:00:01]} e4 {[%emt 0:00:02]} 12. O-O-O {[%emt 0:00:04]} Rad8 {[%emt 0:00:04]} 13. d4 {[%emt 0:00:03]} c4 {[%emt 0:00:02]} 14. b4 {[%emt 0:00:04]} Nxb4 {[%emt 0:00:02]} 15. a3 {[%emt 0:00:03]} Nc6 {[%emt 0:00:03]} 16. h4 {[%emt 0:00:03]} b5 {[%emt 0:00:01]} 17. Bh3 {[%emt 0:00:05]} a5 {[%emt 0:00:02]} 18. Rdg1 {[%emt 0:00:01]} b4 {[%emt 0:00:01]} 19. c3 {[%emt 0:00:17]} bxa3 {[%emt 0:00:02]} 20. Bxa3 {[%emt 0:00:01]} Qxa3+ {[%emt 0:00:02]} 21. Qb2 {[%emt 0:00:01]} Qxb2+ {[%emt 0:00:01]} 22. Kxb2 {[%emt 0:00:01]} Rb8+ {[%emt 0:00:01]} 23. Kc2 {[%emt 0:00:02]} Rb3 {[%emt 0:00:01]} 24. Rb1 {[%emt 0:00:01]} Rfb8 {[%emt 0:00:02]} 25. Rxb3 {[%emt 0:00:02]} cxb3+ {[%emt 0:00:01] TimeW TimeW TimeW} 0-1

[Event "Stay Safe Play From Home 424"]
[Site "Emanuel Lasker Arena"]
[Date "2020.08.31"]
[Round "6"]
[White "NTBT_DHS"]
[Black "Haris kollari 13"]
[Result "1-0"]
[WhiteElo "2551"]
[BlackElo "1731"]
[Annotator "NA"]
[PlyCount "51"]
[EventDate "2020.08.31"]
[EventType "swiss (blitz)"]

1. d4 {[%emt 0:00:01]} e6 {[%emt 0:00:00]} 2. Nc3 {[%emt 0:00:00]} d5 {[%emt 0:00:00]} 3. Bf4 {[%emt 0:00:01]} c5 {[%emt 0:00:00]} 4. e3 {[%emt 0:00:02]} Nc6 {[%emt 0:00:00]} 5. Nf3 {[%emt 0:00:01]} cxd4 {[%emt 0:00:01]} 6. exd4 {[%emt 0:00:00]} f6 {[%emt 0:00:01]} 7. a3 {[%emt 0:00:01]} Bd6 {[%emt 0:00:01]} 8. Qd2 {[%emt 0:00:01]} Nge7 {[%emt 0:00:02]} 9. Bd3 {[%emt 0:00:02]} Ng6 {[%emt 0:00:01]} 10. Bxd6 {[%emt 0:00:02]} Qxd6 {[%emt 0:00:01]} 11. g3 {[%emt 0:00:00]} Bd7 {[%emt 0:00:02]} 12. h4 {[%emt 0:00:01]} a6 {[%emt 0:00:01]} 13. h5 {[%emt 0:00:01]} Nge7 {[%emt 0:00:01]} 14. b4 {[%emt 0:00:03]} f5 {[%emt 0:00:02]} 15. Qe3 {[%emt 0:00:01]} h6 {[%emt 0:00:01]} 16. Ne5 {[%emt 0:00:01]} Nxe5 {[%emt 0:00:02]} 17. dxe5 {[%emt 0:00:00]} Qb6 {[%emt 0:00:01]} 18. Qxb6 {[%emt 0:00:02]} Bc6 {[%emt 0:00:13]} 19. Ne2 {[%emt 0:00:03]} Bd7 {[%emt 0:00:00]} 20. Nf4 {[%emt 0:00:02]} Bc6 {[%emt 0:00:00]} 21. O-O {[%emt 0:00:03]} Kf7 {[%emt 0:00:02]} 22. c4 {[%emt 0:00:01]} dxc4 {[%emt 0:00:03]} 23. Bxc4 {[%emt 0:00:00]} Bd5 {[%emt 0:00:03]} 24. Bxd5 {[%emt 0:00:01]} Nxd5 {[%emt 0:00:00]} 25. Qxe6+ {[%emt 0:00:01]} Kf8 {[%emt 0:00:02]} 26. Ng6# {[%emt 0:00:00] (Lag: Av=0.69s, max=1.0s) (Lag: Av=0.69s, max=1.0s) (Lag: Av=0.69s, max=1.0s)} 1-0

[Event "Stay Safe Play From Home 424"]
[Site "Emanuel Lasker Arena"]
[Date "2020.08.31"]
[Round "6"]
[White "Tran Minh Thang"]
[Black "Gokerkan"]
[Result "0-1"]
[WhiteElo "2492"]
[BlackElo "2628"]
[PlyCount "54"]
[EventDate "2020.08.31"]
[EventType "swiss (blitz)"]

1. d4 {[%emt 0:00:02]} c5 {[%emt 0:00:00]} 2. d5 {[%emt 0:00:01]} e5 {[%emt 0:00:01]} 3. Nc3 {[%emt 0:00:00]} d6 {[%emt 0:00:00]} 4. e4 {[%emt 0:00:00]} Be7 {[%emt 0:00:00]} 5. Bd3 {[%emt 0:00:00]} Bg5 {[%emt 0:00:01]} 6. Nge2 {[%emt 0:00:02]} Bxc1 {[%emt 0:00:01]} 7. Qxc1 {[%emt 0:00:00]} Ne7 {[%emt 0:00:00]} 8. O-O {[%emt 0:00:00]} O-O {[%emt 0:00:00]} 9. f4 {[%emt 0:00:02]} exf4 {[%emt 0:00:01]} 10. Nxf4 {[%emt 0:00:01]} Nd7 {[%emt 0:00:00]} 11. Nb5 {[%emt 0:00:01]} Ne5 {[%emt 0:00:01]} 12. Qd2 {[%emt 0:00:04]} Qb6 {[%emt 0:00:05]} 13. Kh1 {[%emt 0:00:08]} c4 {[%emt 0:00:01]} 14. Nh5 {[%emt 0:00:13]} cxd3 {[%emt 0:00:04]} 15. Nxg7 {[%emt 0:00:05]} Kxg7 {[%emt 0:00:02]} 16. Qg5+ {[%emt 0:00:01]} N7g6 {[%emt 0:00:01]} 17. Qf6+ {[%emt 0:00:00]} Kg8 {[%emt 0:00:01]} 18. Nxd6 {[%emt 0:00:00]} Qd8 {[%emt 0:00:02]} 19. Nxc8 {[%emt 0:00:04]} Qxf6 {[%emt 0:00:02]} 20. Rxf6 {[%emt 0:00:00]} Raxc8 {[%emt 0:00:00]} 21. cxd3 {[%emt 0:00:00]} Nxd3 {[%emt 0:00:00]} 22. h3 {[%emt 0:00:01]} Rfe8 {[%emt 0:00:02]} 23. Rd1 {[%emt 0:00:02]} Nc5 {[%emt 0:00:02]} 24. d6 {[%emt 0:00:00]} Nxe4 {[%emt 0:00:00]} 25. Rf5 {[%emt 0:00:01]} Ng3+ {[%emt 0:00:02]} 26. Kh2 {[%emt 0:00:00]} Nxf5 {[%emt 0:00:00]} 27. d7 {[%emt 0:00:00]} Rcd8 {[%emt 0:00:00] Tran Minh Thang resigns Tran Minh Thang resigns Tran Minh Thang resigns (Lag: Av=0.69s, max=1.4s) (Lag: Av=0.69s, max=1.4s) (Lag: Av=0.69s, max=1.4s)} 0-1

[Event "Stay Safe Play From Home 424"]
[Site "Emanuel Lasker Arena"]
[Date "2020.08.31"]
[Round "6"]
[White "IceQueen"]
[Black "Mr bh6"]
[Result "1-0"]
[WhiteElo "2436"]
[BlackElo "2388"]
[PlyCount "81"]
[EventDate "2020.08.31"]
[EventType "swiss (blitz)"]

1. e4 {[%emt 0:00:01]} e6 {[%emt 0:00:00]} 2. Nf3 {[%emt 0:00:01]} d5 {[%emt 0:00:00]} 3. Nc3 {[%emt 0:00:01]} Nf6 {[%emt 0:00:01]} 4. e5 {[%emt 0:00:01]} Nfd7 {[%emt 0:00:00]} 5. d4 {[%emt 0:00:00]} c5 {[%emt 0:00:01]} 6. Bb5 {[%emt 0:00:01]} Nc6 {[%emt 0:00:02]} 7. Bxc6 {[%emt 0:00:01]} bxc6 {[%emt 0:00:00]} 8. O-O {[%emt 0:00:00]} cxd4 {[%emt 0:00:01]} 9. Qxd4 {[%emt 0:00:00]} Be7 {[%emt 0:00:01]} 10. Qg4 {[%emt 0:00:01]} g6 {[%emt 0:00:05]} 11. Bh6 {[%emt 0:00:01]} Ba6 {[%emt 0:00:00]} 12. Rfe1 {[%emt 0:00:01]} Rb8 {[%emt 0:00:01]} 13. b3 {[%emt 0:00:01]} Rb4 {[%emt 0:00:00]} 14. Qg3 {[%emt 0:00:00]} Rg8 {[%emt 0:00:05]} 15. a3 {[%emt 0:00:01]} Rb8 {[%emt 0:00:03]} 16. Rad1 {[%emt 0:00:00]} g5 {[%emt 0:00:01]} 17. h4 {[%emt 0:00:02]} g4 {[%emt 0:00:02]} 18. Ng5 {[%emt 0:00:01]} Rg6 {[%emt 0:00:01]} 19. Qf4 {[%emt 0:00:07]} Rxh6 {[%emt 0:00:01]} 20. Nxf7 {[%emt 0:00:01]} Qa5 {[%emt 0:00:04]} 21. Nxh6 {[%emt 0:00:03]} Qxc3 {[%emt 0:00:02]} 22. Qf7+ {[%emt 0:00:00]} Kd8 {[%emt 0:00:00]} 23. Qxe6 {[%emt 0:00:00]} Bxa3 {[%emt 0:00:05]} 24. Nf7+ {[%emt 0:00:01]} Kc7 {[%emt 0:00:00]} 25. Qxg4 {[%emt 0:00:06]} Rf8 {[%emt 0:00:02]} 26. e6 {[%emt 0:00:01]} Nf6 {[%emt 0:00:01]} 27. Qg7 {[%emt 0:00:03]} Bb4 {[%emt 0:00:03]} 28. Ne5+ {[%emt 0:00:04]} Kb6 {[%emt 0:00:02]} 29. Nd3 {[%emt 0:00:02]} Bd6 {[%emt 0:00:04]} 30. e7 {[%emt 0:00:02]} Re8 {[%emt 0:00:00]} 31. Re3 {[%emt 0:00:03]} Ne4 {[%emt 0:00:01]} 32. Qf7 {[%emt 0:00:03]} Rxe7 {[%emt 0:00:02]} 33. Qf5 {[%emt 0:00:01]} Qxc2 {[%emt 0:00:00]} 34. Rde1 {[%emt 0:00:03]} Bxd3 {[%emt 0:00:00]} 35. Qf8 {[%emt 0:00:00]} Re5 {[%emt 0:00:01]} 36. Qd8+ {[%emt 0:00:00]} Bc7 {[%emt 0:00:00]} 37. Qf8 {[%emt 0:00:01]} Rf5 {[%emt 0:00:01]} 38. Qb4+ {[%emt 0:00:01]} Ka6 {[%emt 0:00:01] ' ' '} 39. Ra1+ {[%emt 0:00:02]} Qa2 {[%emt 0:00:00]} 40. Rxa2+ {[%emt 0:00:01]} Ba5 {[%emt 0:00:00]} 41. Rxa5# {[%emt 0:00:00] (Lag: Av=1.37s, max=19.2s) (Lag: Av=1.37s, max=19.2s) (Lag: Av=1.37s, max=19.2s)} 1-0

[Event "Stay Safe Play From Home 424"]
[Site "Emanuel Lasker Arena"]
[Date "2020.08.31"]
[Round "6"]
[White "Nguyen Hong Anh"]
[Black "KING o KONG"]
[Result "1-0"]
[WhiteElo "2353"]
[BlackElo "983"]
[PlyCount "57"]
[EventDate "2020.08.31"]
[EventType "swiss (blitz)"]

1. d4 {[%emt 0:00:01]} e6 {[%emt 0:00:01]} 2. c4 {[%emt 0:00:00]} d6 {[%emt 0:00:01]} 3. Nf3 {[%emt 0:00:00]} b6 {[%emt 0:00:01]} 4. g3 {[%emt 0:00:00]} Bb7 {[%emt 0:00:01]} 5. Bg2 {[%emt 0:00:01]} Be7 {[%emt 0:00:04]} 6. O-O {[%emt 0:00:00]} Qd7 {[%emt 0:00:01]} 7. Nc3 {[%emt 0:00:01]} Nc6 {[%emt 0:00:01]} 8. d5 {[%emt 0:00:00]} Nb4 {[%emt 0:00:04]} 9. Nd4 {[%emt 0:00:01]} Nf6 {[%emt 0:00:03]} 10. dxe6 {[%emt 0:00:02]} fxe6 {[%emt 0:00:02]} 11. Bxb7 {[%emt 0:00:01]} Rb8 {[%emt 0:00:01]} 12. Bg2 {[%emt 0:00:00]} Ng4 {[%emt 0:00:05]} 13. a3 {[%emt 0:00:02]} Nxh2 {[%emt 0:00:01]} 14. Kxh2 {[%emt 0:00:01]} h5 {[%emt 0:00:02]} 15. axb4 {[%emt 0:00:02]} e5 {[%emt 0:00:02]} 16. Bc6 {[%emt 0:00:01]} g6 {[%emt 0:00:06]} 17. Bxd7+ {[%emt 0:00:01]} Kxd7 {[%emt 0:00:01]} 18. Nf3 {[%emt 0:00:00]} Rbg8 {[%emt 0:00:03]} 19. Nxe5+ {[%emt 0:00:02]} Kd8 {[%emt 0:00:03]} 20. Nc6+ {[%emt 0:00:01]} Kd7 {[%emt 0:00:02]} 21. Nxe7 {[%emt 0:00:00]} Re8 {[%emt 0:00:02]} 22. Ncd5 {[%emt 0:00:00]} g5 {[%emt 0:00:03]} 23. Nf6+ {[%emt 0:00:01]} Kd8 {[%emt 0:00:03]} 24. Nxe8 {[%emt 0:00:00]} Kxe8 {[%emt 0:00:01]} 25. Bxg5 {[%emt 0:00:00]} Rg8 {[%emt 0:00:02]} 26. Qd5 {[%emt 0:00:01]} Rf8 {[%emt 0:00:03]} 27. Bh6 {[%emt 0:00:01]} Rf7 {[%emt 0:00:01]} 28. Bg5 {[%emt 0:00:01]} Rxe7 {[%emt 0:00:02]} 29. Qa8+ {[%emt 0:00:01] TimeB TimeB TimeB} 1-0

[Event "Stay Safe Play From Home 424"]
[Site "Emanuel Lasker Arena"]
[Date "2020.08.31"]
[Round "6"]
[White "Lazieri3"]
[Black "Klasman"]
[Result "1-0"]
[WhiteElo "2047"]
[BlackElo "1262"]
[Annotator "NA"]
[PlyCount "57"]
[EventDate "2020.08.31"]
[EventType "swiss (blitz)"]

1. e4 {[%emt 0:00:01]} f5 {[%emt 0:00:01]} 2. Nc3 {[%emt 0:00:00]} fxe4 {[%emt 0:00:03]} 3. Nxe4 {[%emt 0:00:00]} g6 {[%emt 0:00:03]} 4. d4 {[%emt 0:00:01]} d5 {[%emt 0:00:01]} 5. Nc3 {[%emt 0:00:01]} Nf6 {[%emt 0:00:01]} 6. Nf3 {[%emt 0:00:00]} Bg7 {[%emt 0:00:01]} 7. Bf4 {[%emt 0:00:00]} O-O {[%emt 0:00:02]} 8. Qd2 {[%emt 0:00:01]} Bg4 {[%emt 0:00:02]} 9. Be2 {[%emt 0:00:01]} Nc6 {[%emt 0:00:02]} 10. O-O-O {[%emt 0:00:02]} e6 {[%emt 0:00:04]} 11. Bh6 {[%emt 0:00:02]} a6 {[%emt 0:00:02]} 12. h3 {[%emt 0:00:02]} Bxf3 {[%emt 0:00:03]} 13. Bxf3 {[%emt 0:00:00]} b5 {[%emt 0:00:05]} 14. h4 {[%emt 0:00:02]} b4 {[%emt 0:00:01]} 15. Na4 {[%emt 0:00:01]} Qd7 {[%emt 0:00:02]} 16. h5 {[%emt 0:00:01]} Nxd4 {[%emt 0:00:02]} 17. Nc5 {[%emt 0:00:03]} Nxf3 {[%emt 0:00:04]} 18. Nxd7 {[%emt 0:00:01]} Nxd2 {[%emt 0:00:03]} 19. Nxf6+ {[%emt 0:00:01]} Rxf6 {[%emt 0:00:03]} 20. Bxd2 {[%emt 0:00:04]} Rxf2 {[%emt 0:00:02]} 21. hxg6 {[%emt 0:00:01]} hxg6 {[%emt 0:00:02]} 22. Bxb4 {[%emt 0:00:01]} Rb8 {[%emt 0:00:02]} 23. Bc3 {[%emt 0:00:02]} Rb5 {[%emt 0:00:02]} 24. Bxg7 {[%emt 0:00:01]} Kxg7 {[%emt 0:00:01]} 25. Rd2 {[%emt 0:00:00]} Rxd2 {[%emt 0:00:03]} 26. Kxd2 {[%emt 0:00:00]} Rxb2 {[%emt 0:00:01]} 27. a4 {[%emt 0:00:00]} Ra2 {[%emt 0:00:01]} 28. Re1 {[%emt 0:00:01]} Rxa4 {[%emt 0:00:01]} 29. Rxe6 {[%emt 0:00:01] (Lag: Av=0.53s, max=1.1s) (Lag: Av=0.53s, max=1.1s) (Lag: Av=0.53s, max=1.1s)} 1-0

[Event "Stay Safe Play From Home 424"]
[Site "Emanuel Lasker Arena"]
[Date "2020.08.31"]
[Round "6"]
[White "Stefanone"]
[Black "Hickey"]
[Result "1/2-1/2"]
[WhiteElo "1980"]
[BlackElo "2312"]
[PlyCount "97"]
[EventDate "2020.08.31"]
[EventType "swiss (blitz)"]

1. d4 {[%emt 0:00:03]} Nf6 {[%emt 0:00:01]} 2. Bg5 {[%emt 0:00:01]} b6 {[%emt 0:00:03]} 3. Bxf6 {[%emt 0:00:01]} exf6 {[%emt 0:00:01]} 4. e3 {[%emt 0:00:00]} Bb7 {[%emt 0:00:00]} 5. f4 {[%emt 0:00:01]} d5 {[%emt 0:00:01]} 6. Nf3 {[%emt 0:00:00]} c5 {[%emt 0:00:00]} 7. c3 {[%emt 0:00:01]} Be7 {[%emt 0:00:00]} 8. Bb5+ {[%emt 0:00:01]} Nd7 {[%emt 0:00:02]} 9. Bxd7+ {[%emt 0:00:01]} Qxd7 {[%emt 0:00:00]} 10. Qe2 {[%emt 0:00:00]} O-O {[%emt 0:00:00]} 11. O-O {[%emt 0:00:00]} Rfe8 {[%emt 0:00:00]} 12. Re1 {[%emt 0:00:00]} Bf8 {[%emt 0:00:02]} 13. Qf2 {[%emt 0:00:00]} Rac8 {[%emt 0:00:04]} 14. Nbd2 {[%emt 0:00:01]} Rc7 {[%emt 0:00:01]} 15. g4 {[%emt 0:00:01]} Qxg4+ {[%emt 0:00:02]} 16. Kh1 {[%emt 0:00:00]} Qf5 {[%emt 0:00:01]} 17. Rg1 {[%emt 0:00:01]} Bc8 {[%emt 0:00:01]} 18. Rae1 {[%emt 0:00:02]} Qd3 {[%emt 0:00:01]} 19. Re2 {[%emt 0:00:02]} Bf5 {[%emt 0:00:01]} 20. Rge1 {[%emt 0:00:01]} Be4 {[%emt 0:00:01]} 21. Nf1 {[%emt 0:00:01]} Qa6 {[%emt 0:00:02]} 22. Kg1 {[%emt 0:00:00]} Qxa2 {[%emt 0:00:01]} 23. Ng3 {[%emt 0:00:01]} Qc4 {[%emt 0:00:02]} 24. Nxe4 {[%emt 0:00:01]} Rxe4 {[%emt 0:00:01]} 25. Nd2 {[%emt 0:00:00]} Qd3 {[%emt 0:00:01]} 26. Nxe4 {[%emt 0:00:01]} Qxe4 {[%emt 0:00:00]} 27. Qg2 {[%emt 0:00:00]} Qe6 {[%emt 0:00:01]} 28. e4 {[%emt 0:00:02]} dxe4 {[%emt 0:00:00]} 29. Qxe4 {[%emt 0:00:01]} cxd4 {[%emt 0:00:02]} 30. Qxe6 {[%emt 0:00:02]} fxe6 {[%emt 0:00:00]} 31. cxd4 {[%emt 0:00:01]} Rd7 {[%emt 0:00:00]} 32. Rxe6 {[%emt 0:00:01]} Rxd4 {[%emt 0:00:01]} 33. Re8 {[%emt 0:00:01]} Kf7 {[%emt 0:00:01]} 34. Ra8 {[%emt 0:00:02]} Bc5 {[%emt 0:00:02]} 35. Kg2 {[%emt 0:00:01]} Rxf4 {[%emt 0:00:01]} 36. Ree8 {[%emt 0:00:01]} Rf2+ {[%emt 0:00:00]} 37. Kg3 {[%emt 0:00:01]} Rxb2 {[%emt 0:00:01]} 38. Rxa7+ {[%emt 0:00:00]} Kg6 {[%emt 0:00:01]} 39. Rg8 {[%emt 0:00:02]} Kf5 {[%emt 0:00:02]} 40. Raxg7 {[%emt 0:00:01]} Bd6+ {[%emt 0:00:01]} 41. Kf3 {[%emt 0:00:01]} Rxh2 {[%emt 0:00:02]} 42. Rd8 {[%emt 0:00:02]} Be5 {[%emt 0:00:01]} 43. Rb7 {[%emt 0:00:01]} Rh3+ {[%emt 0:00:00]} 44. Kg2 {[%emt 0:00:01]} Rb3 {[%emt 0:00:00]} 45. Rh8 {[%emt 0:00:05]} Kg6 {[%emt 0:00:04]} 46. Rg8+ {[%emt 0:00:01]} Kf5 {[%emt 0:00:00]} 47. Rh8 {[%emt 0:00:00]} Kg6 {[%emt 0:00:01]} 48. Rg8+ {[%emt 0:00:00]} Kf5 {[%emt 0:00:01]} 49. Rh8 {[%emt 0:00:00] (Lag: Av=0.54s, max=1.3s) (Lag: Av=0.54s, max=1.3s) (Lag: Av=0.54s, max=1.3s)} 1/2-1/2

[Event "Stay Safe Play From Home 424"]
[Site "Emanuel Lasker Arena"]
[Date "2020.08.31"]
[Round "6"]
[White "Omerseyman"]
[Black "eidgenosse"]
[Result "0-1"]
[WhiteElo "1814"]
[BlackElo "2446"]
[PlyCount "70"]
[EventDate "2020.08.31"]
[EventType "swiss (blitz)"]

1. e4 {[%emt 0:00:01]} d6 {[%emt 0:00:00]} 2. d4 {[%emt 0:00:01]} e5 {[%emt 0:00:01]} 3. dxe5 {[%emt 0:00:01]} dxe5 {[%emt 0:00:00]} 4. Qxd8+ {[%emt 0:00:01]} Kxd8 {[%emt 0:00:00]} 5. Nf3 {[%emt 0:00:00]} f6 {[%emt 0:00:01]} 6. Bc4 {[%emt 0:00:01]} Bd6 {[%emt 0:00:01]} 7. O-O {[%emt 0:00:01]} Nc6 {[%emt 0:00:00]} 8. c3 {[%emt 0:00:01]} Nge7 {[%emt 0:00:00]} 9. Nbd2 {[%emt 0:00:01]} Bg4 {[%emt 0:00:01]} 10. h3 {[%emt 0:00:01]} Bh5 {[%emt 0:00:01]} 11. Nh2 {[%emt 0:00:02]} Ke8 {[%emt 0:00:01]} 12. f3 {[%emt 0:00:01]} Bf7 {[%emt 0:00:01]} 13. Bxf7+ {[%emt 0:00:01]} Kxf7 {[%emt 0:00:00]} 14. Nc4 {[%emt 0:00:00]} h5 {[%emt 0:00:01]} 15. Ne3 {[%emt 0:00:01]} Rhd8 {[%emt 0:00:01]} 16. Rd1 {[%emt 0:00:01]} Bc5 {[%emt 0:00:00]} 17. Rxd8 {[%emt 0:00:04]} Rxd8 {[%emt 0:00:00]} 18. Kf1 {[%emt 0:00:01]} Ke6 {[%emt 0:00:03]} 19. Ke2 {[%emt 0:00:01]} a5 {[%emt 0:00:00]} 20. Nhf1 {[%emt 0:00:01]} g6 {[%emt 0:00:01]} 21. Nc4 {[%emt 0:00:01]} b5 {[%emt 0:00:01]} 22. Nce3 {[%emt 0:00:03]} f5 {[%emt 0:00:01]} 23. exf5+ {[%emt 0:00:01]} gxf5 {[%emt 0:00:00]} 24. Ng3 {[%emt 0:00:01]} f4 {[%emt 0:00:01]} 25. Nxh5 {[%emt 0:00:01]} fxe3 {[%emt 0:00:01]} 26. Bxe3 {[%emt 0:00:01]} Bxe3 {[%emt 0:00:00]} 27. Kxe3 {[%emt 0:00:01]} Nf5+ {[%emt 0:00:00]} 28. Ke2 {[%emt 0:00:02]} Rh8 {[%emt 0:00:01]} 29. g4 {[%emt 0:00:04]} Nd6 {[%emt 0:00:00]} 30. Re1 {[%emt 0:00:01]} b4 {[%emt 0:00:01]} 31. cxb4 {[%emt 0:00:01]} axb4 {[%emt 0:00:00]} 32. Kf2 {[%emt 0:00:01]} Rf8 {[%emt 0:00:01]} 33. f4 {[%emt 0:00:02]} Kd5 {[%emt 0:00:02]} 34. f5 {[%emt 0:00:03]} Nxf5 {[%emt 0:00:01]} 35. gxf5 {[%emt 0:00:01]} Rxf5+ {[%emt 0:00:00] Omerseyman gibt auf Omerseyman gibt auf Omerseyman gibt auf (Lag: Av=0.72s, max=1.8s) (Lag: Av=0.72s, max=1.8s) (Lag: Av=0.72s, max=1.8s)} 0-1